| 000 | 00437nam a2200169Ia 4500 | ||
|---|---|---|---|
| 008 | 131103s9999 xx 000 0 und d | ||
| 040 | _aLoreto College | ||
| 041 | _aEnglish | ||
| 082 |
_aF/GOR _bLCBED/6368 |
||
| 100 | _aGordon, Ernest | ||
| 245 |
_aMiracle on the river Kwai _cErnest Gordon |
||
| 260 |
_aLondon _bCollins _c1971 |
||
| 300 |
_a189 p. _c 18 cm. |
||
| 650 | _aEnglish Fiction | ||
| 850 | _aLCBED/F/GOR | ||
| 942 | _cBK | ||
| 999 |
_c32765 _d83244 |
||